000 00905nam a2200241Ia 4500
003 OSt
005 20220923213257.0
006 a|||||r|||| 00| 0
007 ta
008 220922b |||||||| |||| 00| 0 hin d
024 _a160,367
037 _cTextual
040 _aARTS
_cARTS
_bhin
041 _2hin
_ahin
082 _aO152,1:gN5, K6
100 _aपालीवाल, नारायणदत्त
_9156285
245 0 _aकुमाउनी हिन्दी की उपभाषा के कवियों का विवेचनात्मक अघ्ययन
246 _aKumāunī hindī kī upabhāṣhā ke kaviyoan kā vivechanātmak aghyayana
260 _c1966
650 _aहिन्दी साहित्य
_9156264
942 _hO152,1:gN5, K6
_cTEXL
_2CC
999 _c315114
_d315114